01140cam a22003015a 4500999001700000005001700017008004100034020001800075020001500093040005000108082002200158245011300180250001200293260003900305300003500344490002400379500002500403504005100428650004800479650003000527651001000557653002300567700003600590700002900626700003200655942000800687952014300695 c26881d2685320190525100348.0110506t2011 nyua frb 001 0 eng d a9781617792120 a1617792128 aStDuBDSbengcStDuBDSdUkdEG-ScBUEdEG-ScBUE04a615.7045bDRU22200aDrug interactions in infectious diseases /ceditors, Stephen C. Piscitelli, Keith Rodvold, Manjunath P. Pai. a3rd ed. aNew York :bHumana Press,cc.2011. axiii, 692 p. :bill. ;c24 cm.0 aInfectious disease. aPrevious ed. : 2005. aIncludes bibliographical references and index. 7aAnti-infective agentsxSide effects.2BUEsh 7aDrug interactions.2BUEsh 2BUEsh bPPhrmcOctober20181 aPiscitelli, Stephen C,eeditor.1 aRodvold, Keith,eeditor.1 aPai, Manjunath P.,eeditor. 2ddc 00102ddc40708BaccahaMAINbMAINc1STd2018-10-14ePurchaseg767.00h21201l0o615.7045 DRUp000043239r2025-07-15 00:00:00v959.00yBB